Bandiere del Mondo - America del Sud - Statistics

Statistiche generali
  • Questo quiz è stato fatto 696 volte
  • Il punteggio medio è 10 su 12
Statistiche sulle risposte
con Immagini Risposta % Corretto
Argentina
98%
Brasile
96%
Uruguay
93%
Colombia
92%
Cile
91%
Venezuela
91%
Peru
90%
Ecuador
86%
Paraguay
86%
Bolivia
79%
Guyana
74%
Suriname
73%
Nessun quiz corrispondente trovato
Distribuzione punteggi
Percentuale di utenti per punteggio
Percentile per numero di risposta
I tuoi punteggi nel tempo
Non hai fatto questo quiz